000 00325pab a2200145 454500
008 180718b2000 xxu||||| |||| 00| 0 eng d
100 _aSundaram, I. Satya
245 _aFocus on human rights
260 _c2000
300 _ap.7-9
362 _aDec
650 _aHuman rights
773 _aSocial Welfare
909 _a47228
999 _c47228
_d47228